000 00308nam a22001217a 4500
008 250902b |||||||| |||| 00| 0 eng d
050 _aHD 58.82
_b.B46
100 _aBENNIS G. WARREN
245 _aORGANIZATION DEVELOPMENT
260 _aAMERICA
_bADDISON-WESLEY PUBLISHING
_c1969
300 _a87p.
942 _cBK
999 _c4461
_d4461